نهاية عصر البترول / (رقم التسجيلة. 104663)
[ عرض عادي ]
| 000 -الفاتح | |
|---|---|
| عناصر البيانات ثابتة الطول | 01135nam a22002897a 4500 |
| 005 - تاريخ ووقت آخر معاملة | |
| حقل ضبط | 20260121100239.0 |
| 008 - عناصر البيانات ثابتة الطول | |
| عناصر البيانات ثابتة الطول | 250721s2004 xx 000 0 ara d |
| 020 ## - الترقيم الدولي المعياري للكتب (ردمك) | |
| الترقيم الدولي المعياري للكتب (ردمك) | 9990601439 |
| 041 1# - كود اللغة | |
| كود اللغة لنص/مسار صوت أو عنوان منفصل | ara |
| كود اللغة للأصل | ger |
| 082 14 - رقم تصنيف ديوي العشري | |
| رقم التصنيف | 338.27282 |
| رقم المادة | ن ه ا |
| 100 1# - مدخل رئيسي – اسم شخصي | |
| الاسم الشخصي | كامبيل، كولن |
| علاقة الشخص بالعمل/ دوره | مؤلف. |
| 245 10 - بيان العنوان | |
| العنوان | نهاية عصر البترول / |
| بيان المسؤولية | تاليف كولن كامبيل [وثلاثه اخرون] ؛ ترجمه د. عدنان عباس علي. |
| 264 31 - بيانات النشر، التوزيع…إلخ | |
| مكان النشر، التوزيع...إلخ | الصفاة : |
| اسم الناشر، الموزع...إلخ | المجلس الوطني للثقافة و الفنون و الآداب، |
| تاريخ النشر، التوزيع...إلخ | 2004. |
| 300 ## - الوصف المادي | |
| عدد الوحدات المكونة للوعاء | 301 صفحه. |
| 490 0# - بيان السلسلة | |
| عنوان السلسلة | عالم المعرفة ؛ |
| رقم الوعاء في السلسلة | رقم 307. |
| 650 17 - مدخل إضافي بالموضوع - مصطلح موضوعي | |
| مصطلح موضوعي أو اسم جغرافي كعنصر مدخل | النفط. |
| 650 17 - مدخل إضافي بالموضوع - مصطلح موضوعي | |
| مصطلح موضوعي أو اسم جغرافي كعنصر مدخل | إستكشاف النفط. |
| 650 17 - مدخل إضافي بالموضوع - مصطلح موضوعي | |
| مصطلح موضوعي أو اسم جغرافي كعنصر مدخل | التنبؤات. |
| 650 17 - مدخل إضافي بالموضوع - مصطلح موضوعي | |
| مصطلح موضوعي أو اسم جغرافي كعنصر مدخل | دراسات المستقبل. |
| 700 1# - مدخل إضافي - اسم شخصي | |
| الاسم الشخصي | شيندلر، يورغ |
| علاقة الشخص بالعمل/ دوره | مؤلف. |
| 700 1# - مدخل إضافي - اسم شخصي | |
| الاسم الشخصي | ليزينبورس، فراوكه |
| علاقة الشخص بالعمل/ دوره | مؤلف. |
| 700 1# - مدخل إضافي - اسم شخصي | |
| الاسم الشخصي | تسستيل، قيرنر |
| علاقة الشخص بالعمل/ دوره | مؤلف. |
| 700 1# - مدخل إضافي - اسم شخصي | |
| الاسم الشخصي | علي، عدنان عباس |
| علاقة الشخص بالعمل/ دوره | مترجم. |
| 830 #0 - مدخل إضافي بالسلسلة-عنوان مقنن | |
| عنوان السلسسلة | عالم المعرفة. |
| 942 ## - بيانات إضافية (كوها) | |
| نوع التنصيف | Dewey Decimal Classification |
| نوع المادة (كوها) | كتب |
| حالة السحب | حالة الفقدان | مصدر التصنيف | حالة التلف | غير قابل للإعارة | المكتبة الرئيسية | المكتبة الحالية | موقع الرف | تاريخ التزويد | الرقم المتسلسل | Total Checkouts | رقم الإستدعاء | الباركود | تاريخ آخر ظهور | تاريخ الفاتورة | نوع المادة (كوها) |
|---|---|---|---|---|---|---|---|---|---|---|---|---|---|---|---|
| Dewey Decimal Classification | المكتبة المركزية | المكتبة المركزية | الإعارة | 28/07/2025 | 816817 | 338.27282/ ن ه ا | 816817 | 28/07/2025 | 28/07/2025 | كتب | |||||
| Dewey Decimal Classification | Not For Loan | المكتبة المركزية | المكتبة المركزية | مقتنيات قسم التزويد | 28/07/2025 | 816820 | 338.27282/ نها | 816820 | 28/07/2025 | 28/07/2025 | كتب | ||||
| Dewey Decimal Classification | Not For Loan | المكتبة المركزية | المكتبة المركزية | مقتنيات قسم التزويد | 28/07/2025 | 816821 | 338.27282/ نها | 816821 | 28/07/2025 | 28/07/2025 | كتب | ||||
| Dewey Decimal Classification | Not For Loan | المكتبة المركزية | المكتبة المركزية | مقتنيات قسم التزويد | 28/07/2025 | 816822 | 338.27282/ نها | 816822 | 28/07/2025 | 28/07/2025 | كتب | ||||
| Dewey Decimal Classification | مكتبة أم قصير والمقابلين العامة | مكتبة أم قصير والمقابلين العامة | الإعارة | 28/07/2025 | 816831 | 338.27282/ نها | 816831 | 28/07/2025 | 28/07/2025 | كتب | |||||
| Dewey Decimal Classification | مكتبة الأميرة ايمان العامة | مكتبة الأميرة ايمان العامة | الإعارة | 28/07/2025 | 816823 | 338.27282/ نها | 816823 | 28/07/2025 | 28/07/2025 | كتب | |||||
| Dewey Decimal Classification | مكتبة الاميرة بديعة | مكتبة الاميرة بديعة | الإعارة | 28/07/2025 | 816826 | 338.27282/ نها | 816826 | 28/07/2025 | 28/07/2025 | كتب | |||||
| Dewey Decimal Classification | مكتبة البراعم الواعدة | مكتبة البراعم الواعدة | الإعارة | 11/07/2015 | 1474163 | 338.27282/ نها | PLD00337211 | 28/07/2025 | 11/07/2015 | كتب | |||||
| Dewey Decimal Classification | مكتبة الجويدة | مكتبة الجويدة | الإعارة | 28/07/2025 | 816827 | 338.27282/ نها | 816827 | 28/07/2025 | 28/07/2025 | كتب | |||||
| Dewey Decimal Classification | مكتبة الحسن العامة | مكتبة الحسن العامة | الإعارة | 28/07/2025 | 816828 | 338.27282/ نها | 816828 | 28/07/2025 | 28/07/2025 | كتب | |||||
| Dewey Decimal Classification | مكتبة النصر العامة | مكتبة النصر العامة | الإعارة | 28/07/2025 | 816834 | 338.27282/ نها | 816834 | 28/07/2025 | 28/07/2025 | كتب | |||||
| Dewey Decimal Classification | مكتبة بدر الجديدة للأطفال | مكتبة بدر الجديدة للأطفال | الأطفال | 12/11/2015 | 1618385 | 338.27282/ نها | PLD00364334 | 28/07/2025 | 12/11/2015 | كتب | |||||
| Dewey Decimal Classification | مكتبة صويلح العامة | مكتبة صويلح العامة | الإعارة | 28/07/2025 | 816824 | 338.27282/ نها | 816824 | 28/07/2025 | 28/07/2025 | كتب | |||||
| Dewey Decimal Classification | Not For Loan | مكتبة منتدى الرواد | مكتبة منتدى الرواد | لا يعار | 30/01/2012 | 1507941 | 338.27282/ نها | PLD00238302 | 28/07/2025 | 30/01/2012 | كتب | ||||
| Dewey Decimal Classification | مكتبة وادي السير العامة | مكتبة وادي السير العامة | الإعارة | 28/07/2025 | 816833 | 338.27282/ نها | 816833 | 28/07/2025 | 28/07/2025 | كتب |